|
|
|
|
| LEADER |
00000cas a2200000 a 4500 |
| 001 |
vtls010301760 |
| 003 |
SK-MaSNL |
| 005 |
20260228163305.0 |
| 008 |
110810d19571958xo sr|ne 0 b0slo |
| 022 |
|
|
|a 0469-0141
|
| 040 |
|
|
|a SNK
|b slo
|c SNK
|e AACR2
|
| 041 |
0 |
|
|a slo
|
| 044 |
|
|
|a xo
|c SK
|
| 072 |
|
7 |
|a 82
|x Literatúra. Literárny život
|2 konspekt
|
| 080 |
|
|
|a 82
|2 2011
|
| 080 |
|
|
|a 050
|2 2001
|
| 080 |
|
|
|a 82(051)
|2 2011
|
| 210 |
0 |
|
|a Nová lit.
|
| 222 |
|
0 |
|a Nová literatúra
|
| 245 |
0 |
0 |
|a Nová literatúra
|
| 260 |
|
|
|a Bratislava
|b Slovenské vydavateľstvo krásnej literatúry
|b Slovenský spisovateľ
|c 1957-1958
|
| 260 |
3 |
|
|3 1958
|a Bratislava
|b Slovenské vydavateľstvo krásnej literatúry
|
| 300 |
|
|
|a 2 zv.
|c 29-45 cm
|
| 310 |
|
|
|a 2x mesačne
|b 1958
|
| 321 |
|
|
|a 1x mesačne
|b 1957
|
| 362 |
0 |
|
|a Roč. I, č. 1 (febr. 1957)-roč. II, č. 22 (1958)
|
| 500 |
|
|
|a Zmena podnázvu: od 3/1957 knižné novinky ; od 2/1958 bulletin Slovenského vydavateľstva krásnej literatúry
|
| 500 |
|
|
|a V tiráži: mesačník pre propagáciu knižnej a umeleckej tvorby ; od 3/1957 bulletin pre propagáciu knižnej a umeleckej tvorby
|
| 500 |
|
|
|a Ved. a zodp. red.: Michal Chorvát
|
| 500 |
|
|
|a Tlač.: Polygrafické závody, n. p., záv. 2, Bratislava
|
| 500 |
|
|
|a Od r. 1959 pokračoval pod názvom: Krásna literatúra
|
| 650 |
0 |
7 |
|a literatúra
|2 SNKPH
|9 1427
|
| 655 |
|
7 |
|a literárne časopisy
|2 SNKPH
|9 125450
|
| 700 |
1 |
|
|a Chorváth, Michal,
|d 1910-1982
|4 pbd
|4 Iso
|9 118285
|
| 785 |
0 |
0 |
|t Krásna literatúra
|
| 910 |
|
|
|a snk
|
| 958 |
|
|
|a OND
|
| 999 |
|
|
|c 9162
|d 11092
|
| 952 |
|
|
|0 0
|1 0
|4 0
|7 0
|a SNK
|b SNK
|d 1997-07-03
|i snkČSP 374/58
|l 0
|o snkČSA 531/1/1957 D1
|p 17A0076925
|r 2005-01-02 00:00:00
|t febr.-dec.
|w 2026-02-21
|y PREZ
|
| 952 |
|
|
|0 0
|1 0
|4 0
|7 0
|a SNK
|b SNK
|d 1997-08-12
|i snkČSP 373/58
|l 0
|o snkČSA 531/1/1957
|p 17A0084153
|r 2005-01-02 00:00:00
|t febr.-dec.
|w 2026-02-21
|y PREZ
|
| 952 |
|
|
|0 0
|1 0
|4 0
|7 0
|a SNK
|b SNK
|d 1997-08-12
|l 0
|o snkČSA 531/2/1958
|p 17A0089454
|r 2005-01-02 00:00:00
|t č. 1-22
|w 2026-02-21
|y PREZ
|
| 952 |
|
|
|0 0
|1 0
|4 0
|7 0
|a SNK
|b SNK
|d 2001-01-31
|l 0
|o snkČSA 531/2/1958 D1
|p 17A0265243
|r 2005-01-02 00:00:00
|t č. 1-22
|w 2026-02-21
|y PREZ
|